000 00595nam a2200229Ia 4500
003 OSt
005 20220918200342.0
006 a|||||r|||| 00| 0
007 ta
008 220917b |||||||| |||| 00| 0 eng d
024 _a88,430
037 _cTextual
040 _aARTS
_cARTS
_beng
041 _2eng
_aeng
082 _aT60Y1, J5
100 _aLoewy Herta
_993714
245 0 _aTraining the backward child
260 _aNa
_bNa
_c1955
650 _aEXCEPTIONAL CHILDREN - EDUCATION
_993715
942 _hT60Y1, J5
_cTEXL
_2CC
999 _c212118
_d212118